Culture Générale - Série 2405 - Statistiques

Statistiques générales
  • Ce quiz a été pris 146 fois
  • Le résultat moyen est 6 sur 10
Statistiques - réponses
Question Réponse % Correct
De quel pays est originaire le genre musical appelé "fado" ? Portugal
86%
Préparation de chocolat et de crème fraîche, utilisée en pâtisserie - 7 lettres commençant par " g " ganache
80%
Quel est le nouveau nom de la Birmanie ? Myanmar
73%
Quel est le prénom de l'interprète de "la femme chocolat" ? voir photo Olivia
71%
Quel pays a pour hymne « La Brabançonne » ? Belgique
65%
Quel pays s'appelait Pakistan oriental avant son indépendance en 1971 ? Bangladesh
61%
Comment s'appelait le Ski Lanka jusqu'en1972 ? Ceylan
55%
Quel pays se nommait autrefois Dahomey ? Bénin
43%
Quel pays a modifié son hymne national, en 2018, pour qu’il devienne inclusif ? Canada
16%
Homme de main qui agit au nom d'un donneur d'ordre pour menacer, brutaliser ou tuer - 5 lettres finissant par " i ". nervi
13%
Aucun quiz correspondant
Distribution des résultats
% des personnes avec chaque résultat
Percentile par nombre de réponses
Votre historique - résultats
Vous n’avez pas pris ce quiz